Central Library OPAC University of Rajshahi

Small business management : (Record no. 16074)

MARC details
000 -LEADER
fixed length control field 00887pam a2200289 a 4500
001 - CONTROL NUMBER
control field 16074
003 - CONTROL NUMBER IDENTIFIER
rucl marc code BD-RjUL
005 - DATE AND TIME OF LATEST TRANSACTION
control field 20211208235940.0
008 - FIXED-LENGTH DATA ELEMENTS--GENERAL INFORMATION
fixed length control field 140211s1983 maua b 001 0 eng
020 ## - INTERNATIONAL STANDARD BOOK NUMBER
International Standard Book Number 0316816086
International Standard Book Number 0316816094 (pbk.)
035 ## - SYSTEM CONTROL NUMBER
System control number (BD-RjUL)16129
040 ## - CATALOGING SOURCE
Original cataloging agency DLC
Transcribing agency DLC
Modifying agency BD-RjUL
Language of cataloging eng
041 ## - LANGUAGE CODE
Language code of text/sound track or separate title eng
082 00 - DEWEY DECIMAL CLASSIFICATION NUMBER
Classification number 658.022
Edition number 19
Author mark and year STS 1983
100 1# - MAIN ENTRY--PERSONAL NAME
Personal name Stillman, Richard Joseph,
Dates associated with a name 1917-
9 (RLIN) 49751
245 10 - TITLE STATEMENT
Title Small business management :
Remainder of title how to start and stay in business /
Statement of responsibility, etc. Richard J. Stillman.
260 ## - PUBLICATION, DISTRIBUTION, ETC. (IMPRINT)
Place of publication, distribution, etc. Boston :
Name of publisher, distributor, etc. Little, Brown,
Date of publication, distribution, etc. c1983.
300 ## - PHYSICAL DESCRIPTION
Pagination x, 229 p. :
Illustrations ill. ;
Size 24 cm.
500 ## - GENERAL NOTE
General note Includes index.
504 ## - BIBLIOGRAPHY, ETC. NOTE
Bibliography, etc Bibliography: p. 219-223.
650 #0 - SUBJECT ADDED ENTRY--TOPICAL TERM
Topical term or geographic name as entry element Small business
General subdivision Management.
9 (RLIN) 49752
Topical term or geographic name as entry element New business enterprises
General subdivision Management.
9 (RLIN) 10720
942 ## - ADDED ENTRY ELEMENTS (KOHA)
Source of classification or shelving scheme Dewey Decimal Classification
Koha item type Books
Holdings
Lost status Source of classification or shelving scheme Damaged status Not for loan Collection code Permanent Location Current Location Shelving location Date acquired Source of acquisition Total Checkouts Full call number Date last seen Copy number Koha item type
  Dewey Decimal Classification     Non-fiction Central Library, University of Rajshahi Central Library, University of Rajshahi     Asia Foundation   658.022 STS 1983 11/02/2014 C-2 Books
  Dewey Decimal Classification     Non-fiction Central Library, University of Rajshahi Central Library, University of Rajshahi   21/06/1989 Asia foundation   658.022 STS 1983 23/02/2014 C-3 Books
  Dewey Decimal Classification   Not For Loan Non-fiction Central Library, University of Rajshahi Central Library, University of Rajshahi Reading Room 21/06/1989 Asia foundation   658.022 STS 1983 22/01/2017 C-1 Books